Organización sindical y lucha de clases en la industria de construcción civil del Perú, 1940-1972
Guardado en:
| Autor principal: | |
|---|---|
| Formato: | Texto |
| Publicado: |
Quito :
|
| Etiquetas: |
Agregar Etiqueta
Sin Etiquetas, Sea el primero en etiquetar este registro!
|
MARC
| LEADER | 00000 a a2200000 04500 | ||
|---|---|---|---|
| 001 | 18865 | ||
| 003 | |||
| 040 | |||
| 090 | |a 015000 | ||
| 100 | |a Maríñez, Pablo A. | ||
| 245 | |a Organización sindical y lucha de clases en la industria de construcción civil del Perú, 1940-1972 | ||
| 260 | |a Quito : | ||
| 300 | |a 54 p. | ||
| 999 | |c 13362 |d 13362 | ||
